000 00482nam a2200181Ia 4500
001 11465
005 20260306162830.0
008 260306t2008||||xx |||||||||||||| ||spa||
041 _aESP
082 _a985.06
_bG26
100 _aGarrido-Lecca, Hernán
_eAUT
245 0 _aDiario a bordo de la corbeta Unión:
_bGuerra del Pacífico: testimonios inéditos
260 _c2008
300 _a230 páginas :
_c20 cm.
650 _aGEN
654 _aCHU
942 _cLIB
_dJUS
_fJUS
_2ddc
_n
999 _c11465
_d11465